000 00634nam a2200181Ia 4500
003 GCL
008 140319s9999 xx 000 0 ara d
040 _aGCL /
_cGCL
082 0 4 _a320
_bا ت
100 1 _aانصاف جميل الربضى
245 1 0 _aالتحولات السياسية واقتصادية فى دول اوروبا الشرقية بعد انتهاء الحرب الباردة : دراسة فى الفكر السياسى /
_cانصاف جميل الربضى
300 _a143 ص
490 _a
650 0 4 _aالشيوعية
650 0 4 _aالسياسة الدولية
650 0 4 _aاوربا
942 _2ddc
_cBK
999 _c41927
_d41927